Electrical technology : electronic devices and circuits (Record no. 40124)

MARC details
000 -LEADER
fixed length control field 00472nam a2200193Ia 4500
020 ## - INTERNATIONAL STANDARD BOOK NUMBER
ISBN 812192667x
050 ## - CALL MARK
Classification number TK 146 .T435/
100 ## - STATEMENT OF RESPONSIBILITY--MAIN AUTHOR NAME
Personal name Theraja, B.L.
245 #0 - TITLE STATEMENT
Title Electrical technology : electronic devices and circuits
250 ## - EDITION / VOLUME STATEMENT
Edition / Volume statement 23rd ed.
260 ## - PUBLICATION, DISTRIBUTION, ETC. (IMPRINT)
Place of publication New delhi
260 ## - PUBLICATION, DISTRIBUTION, ETC. (IMPRINT)
Name of publisher S chand and company
260 ## - PUBLICATION, DISTRIBUTION, ETC. (IMPRINT)
Year of publication 2006
300 ## - PHYSICAL DESCRIPTION
Number of Pages 2736 p
650 ## - SUBJECT ADDED ENTRY--TOPICAL TERM
Topical Term New delhi
942 ## - ADDED ENTRY ELEMENTS (KOHA)
Koha item type Books
Holdings
Withdrawn status Lost status Source of classification or shelving scheme Damaged status Not for loan Permanent Location Current Location Date acquired Accession Number Price effective from Koha item type
    Library of Congress Classification     NILE UNIVERSITY OF NIGERIA - MAIN LIBRARY NILE UNIVERSITY OF NIGERIA - MAIN LIBRARY 06/03/2025 0009521 06/03/2025 Books
    Library of Congress Classification     NILE UNIVERSITY OF NIGERIA - MAIN LIBRARY NILE UNIVERSITY OF NIGERIA - MAIN LIBRARY 06/03/2025 0009522 06/03/2025 Books